Statistics for U. S. Divisions by Democratic Primary Votes

Click here to take the quiz!

General Stats

  • This quiz has been taken 13 times
  • The average score is 28 of 43

Answer Stats

# of Pledged VotesState/Territory% Correct
6American Samoa | Northern Marianas | Guam | Virgin Islands
90%
67Colorado | Arizona
80%
36Nevada | Mississippi
80%
24New Hampshire | Maine | West Virginia
80%
224New York
80%
136Ohio
80%
89Washington
80%
31Arkansas
70%
219Florida
70%
20Idaho
70%
70Indiana
70%
41Iowa | Kansas
70%
125Michigan
70%
75Minnesota
70%
25Nebraska
70%
110North Carolina
70%
21Rhode Island
70%
54South Carolina
70%
64Tennessee
70%
416California
60%
17Delaware | District of Columbia
60%
22Hawaii
60%
46Kentucky
60%
50Louisiana
60%
68Missouri
60%
107New Jersey
60%
14North Dakota | South Dakota
60%
37Oklahoma
60%
153Pennsylvania
60%
51Puerto Rico
60%
228Texas
60%
29Utah | New Mexico
60%
16Vermont | Montana
60%
99Virginia
60%
52Alabama | Oregon
50%
15Alaska
50%
49Connecticut
50%
13Democrats Abroad | Wyoming
50%
105Georgia
50%
155Illinois
50%
79Maryland
50%
91Massachusetts
50%
77Wisconsin
50%

Score Distribution

Percentile by Number Answered

Percent of People with Each Score

Your Score History

You have not taken this quiz